_CCNA Cisco Certified Network Associate study guide Todd Lammle (Record no. 12729)
[ view plain ]
| 000 -LEADER | |
|---|---|
| fixed length control field | 00491nam a2200169Ia 4500 |
| 008 - FIXED-LENGTH DATA ELEMENTS--GENERAL INFORMATION | |
| fixed length control field | 151021s9999 xx 000 0 und d |
| 020 ## - INTERNATIONAL STANDARD BOOK NUMBER | |
| International Standard Book Number | 782123813 |
| 050 ## - LIBRARY OF CONGRESS CALL NUMBER | |
| Classification number | TK5105.5.L35 2001 |
| 245 ## - TITLE STATEMENT | |
| Title | _CCNA Cisco Certified Network Associate study guide Todd Lammle |
| 260 ## - PUBLICATION, DISTRIBUTION, ETC. (IMPRINT) | |
| Place of publication, distribution, etc. | San francisco Network press 1999 |
| 300 ## - PHYSICAL DESCRIPTION | |
| Extent | xxxiii,729p. |
| 500 ## - GENERAL NOTE | |
| General note | Include index |
| 500 ## - GENERAL NOTE | |
| General note | Include index |
| 650 ## - SUBJECT ADDED ENTRY--TOPICAL TERM | |
| Topical term or geographic name as entry element | _Cisco |
| 700 ## - ADDED ENTRY--PERSONAL NAME | |
| Personal name | _Porter,Donald |
| 980 ## - EQUIVALENCE OR CROSS-REFERENCE-SERIES STATEMENT--PERSONAL NAME/TITLE [LOCAL, CANADA] | |
| Personal name | ^d20120830 04:24:09^okorir |
No items available.